Statistics for Words that "Start" with a Letter

Click here to take the quiz!

General Stats

  • This quiz has been taken 787 times
  • The average score is 13 of 26

Answer Stats

HintAnswer% Correct
JCrossing the road while not at a crosswalk or disobeying traffic lawsJaywalk
82%
DA place one might go to buy their car, or one who works thereDealer
80%
AAn octogenarian has lived this many yearsEighty
79%
PDoctor that works with childrenPediatrician
77%
BCommon name of an apiaristBeekeeper
74%
VA larger relative of the violin that plays in alto clefViola
73%
IA sometimes desired airplane seatAisle
71%
LWord before "my dear Watson!" attributed to Sherlock HolmesElementary
63%
ZA peak or maximum height for something or someoneZenith
58%
FWorking quickly and with high qualityEfficient
56%
HFor how long something has existed, or for how long someone has been aliveAge
53%
QA earthy spice used in curries and other hot dishesCumin
53%
OA natural earthy pigment with ferric oxide, or its light-brown-yellow colorOchre
52%
SA tidal mouth of a long riverEstuary
49%
RTo speak (more) clearly, or to gestureArticulate
48%
KA inflection or pattern of the voice, or, generally, a rhythmCadence
45%
XOne way of looking at spent money, sometimes as a "business" typeExpense
45%
WTwo female sheep in a pairDouble ewe
40%
EWWI battle in namesake Belgian city, called "Wipers" by British troopsYpres
37%
TSomeone that makes fun, or promotional content, eg. a shortened videoTeaser
34%
UFeeling perfectly happy or contentEuphoric
32%
MTo spread out from a sourceEmanate
30%
GExclamation attributed to Scooby Doo's DaphneJeepers
29%
YNatural or human-caused large small combustion of the woodsWildfire
26%
CIn trigonometry, the ratio of the hypotenuse to the adjacent legSecant
21%
NWord preceding reticulum, together coming in smooth or rough varietiesEndoplasmic
19%

Score Distribution

Percentile by Number Answered

Percent of People with Each Score

Your Score History

You have not taken this quiz